<?xml version="1.0" encoding="UTF-8"?>
<collection xmlns="http://www.loc.gov/MARC21/slim">
<record>
  <controlfield tag="001">163387</controlfield>
  <controlfield tag="005">20251028143407.0</controlfield>
  <datafield tag="024" ind1="8" ind2=" ">
    <subfield code="2">innovaciondocente</subfield>
    <subfield code="a">5238</subfield>
  </datafield>
  <datafield tag="037" ind1=" " ind2=" ">
    <subfield code="a">INNODOC-2024-5238</subfield>
  </datafield>
  <datafield tag="041" ind1=" " ind2=" ">
    <subfield code="a">spa</subfield>
  </datafield>
  <datafield tag="100" ind1=" " ind2=" ">
    <subfield code="0">(orcid)0000-0002-4660-6089</subfield>
    <subfield code="a">García Lacalle, José Javier</subfield>
    <subfield code="e">coord.</subfield>
  </datafield>
  <datafield tag="245" ind1=" " ind2=" ">
    <subfield code="a">PROMISED-1:  PROyecto de Mejora de la Información de Seguimiento de l@s Estudiantes de Doctorado</subfield>
  </datafield>
  <datafield tag="260" ind1=" " ind2=" ">
    <subfield code="a">Zaragoza</subfield>
    <subfield code="b">Universidad de Zaragoza</subfield>
    <subfield code="c">2024</subfield>
  </datafield>
  <datafield tag="520" ind1="3" ind2=" ">
    <subfield code="a">El proyecto tiene como objetivo recoger información que permita mejorar el seguimiento de los distintos aspectos formativos de los estudiantes y las estudiantes del programa de Doctorado en Contabilidad y Finanzas desde su inicio hasta la obtención del grado de doctor, y del impacto que dicha formación a tenido en su  trayectoria profesional desde ese momento, título de doctor y  hasta tres años después de alcanzar el grado de doctor. En una etapa posterior, se podría ampliar ese periodo hasta los 5 años.  Se pretende mejorar el seguimiento de las distintas actividades de formación e investigación del estudiantado del programa que permita:  - Acometer acciones de mejora cuando se detecten necesidades de fomentar distintas actividades relacionadas con el periodo de formación doctoral  - Conocer el efecto que la formación doctoral ha tenido en la trayectoria profesional y/o académica de los egresados del programa.  - Tener información completa y precisa de cara a elaborar el Plan Anual de Innovación y Mejora (PAIM) y el Informe de evaluación de la calidad del programa de doctorado (IEC) y el informa de Calidad de los Estudios de Dcotorado (ICED)   - Tener información actualizada para elaborar la Memoria de Verificación (MV) en el momento que corresponda acometer una renovación.  Para ello se van a elaborar cuestionarios en formato "google form" con preguntas relacionadas con la información requerida en los IEC/ICED y MV. Se van a elaborar dos cuestionarios. Un primero para los estudiantes actualmente matriculados en el programa de doctorado en Contabilidad y Finanzas y un segundo para los estudiantes que han defendido su tesis doctoral dentro del programa de doctorado en Contabilidad y Finanzas.</subfield>
  </datafield>
  <datafield tag="700" ind1=" " ind2=" ">
    <subfield code="0">(orcid)0000-0002-0385-2263</subfield>
    <subfield code="a">Acerete Gil, José Basilio</subfield>
  </datafield>
  <datafield tag="700" ind1=" " ind2=" ">
    <subfield code="0">(orcid)0000-0002-8638-2665</subfield>
    <subfield code="a">Vargas Magallón, Maria Sagrario</subfield>
  </datafield>
  <datafield tag="700" ind1=" " ind2=" ">
    <subfield code="0">(orcid)0000-0002-2525-9049</subfield>
    <subfield code="a">Alda García, Mercedes</subfield>
  </datafield>
  <datafield tag="700" ind1=" " ind2=" ">
    <subfield code="0">(orcid)0000-0003-2717-8389</subfield>
    <subfield code="a">Marco Fondevila, Miguel Ángel</subfield>
  </datafield>
  <datafield tag="700" ind1=" " ind2=" ">
    <subfield code="0">(orcid)0000-0001-8760-9350</subfield>
    <subfield code="a">Ferreruela Garcés, Sandra</subfield>
  </datafield>
  <datafield tag="856" ind1="4" ind2=" ">
    <subfield code="s">63427</subfield>
    <subfield code="u">http://zaguan.unizar.es/record/163387/files/memoria_PIET_2024_5238.pdf</subfield>
    <subfield code="y">Memoria del proyecto</subfield>
  </datafield>
  <datafield tag="970" ind1=" " ind2=" ">
    <subfield code="a">INNODOC-2024-5238</subfield>
  </datafield>
  <datafield tag="980" ind1=" " ind2=" ">
    <subfield code="a">INNODOC</subfield>
    <subfield code="b">PIET</subfield>
    <subfield code="c">PIET_2</subfield>
  </datafield>
</record>
</collection>